005410000a22001330004500090001700000245012300017041001400140700003500154700004000189100004200229942001300271773010600284999001700390 aASbSeriadas10aNueva especie de Hyla del grupo larinopygion () del sur de la Cordillera Central de Colombia0 aEspañol1 aRuiz Carranza, Pedro M.9941871 aRoa Trujillo, Sonia Herminia9414141 aArdila Robayo, María Cristina94334 cARTICULO1 tRevista de la Academia Colombiana de Ciencias Exactas, Fisicas y Naturales332h71q559-565d1993g18 c14014d14014